Nezabudnuteľný deň Cena Dar roka 2007 už trinásty raz

Bibliographic Details
Main Author: Škrabálková, Margita (Author, Photographer)
Format: Article
Language:Slovak
PhysicalDescription:Fotogr.
ISSN:1336-2208
Subjects:

MARC

LEADER 00000nab a2200000 ar4500
001 vtls009625665
003 SK-MaSNL
005 20260304224054.0
008 090708c2008 xo |||||| | ||00 b|slo
015 |a SNBRB2009/07  |2 snkbucl 
038 |a SNKBUCL 
040 |a SNKBUCL  |b slo  |c SNKBUCL  |e AACR2 
041 0 |a slo 
044 |a xo  |c SK 
080 |a 36:061.235  |x (437.6)  |2 2001 
080 |a 06.068  |2 2001 
080 |a 177.72  |2 2001 
100 1 |a Škrabálková, Margita  |4 aut  |4 pht  |9 842951 
245 1 0 |a Nezabudnuteľný deň  |b Cena Dar roka 2007 už trinásty raz  |c Margita Škrabálková 
300 |b Fotogr. 
610 2 7 |a Slovenská humanitná rada  |2 snkbucl  |9 15257 
611 2 7 |a Dar roka  |d (2007 :  |c Slovensko)  |2 snkbucl  |9 1558733 
650 0 7 |a ceny a vyznamenania  |2 snkbucl  |9 73045 
773 0 |t Humanita  |g Roč. XVII, č. 2-3 (2008), s. 3-4  |x 1336-2208 
852 |a SNK  |b KIS3GCP 
999 |c 3170821  |d 3172751